Statistics for Belarus Country Quiz

Click here to take the quiz!

General Stats

  • This quiz has been taken 1,428 times
  • The average score is 15 of 24

Answer Stats

ClueAnswer% Correct
Countries that border BelarusRussia
99%
Countries that border BelarusUkraine
98%
Countries that border BelarusLithuania
97%
Capital cityMinsk
97%
Countries that border BelarusPoland
97%
Belarus was part of this country until 1991Soviet Union
97%
Countries that border BelarusLatvia
93%
Dominant Christian branchEastern Orthodox
86%
Country that invaded and killed about 1/4 of Belarus's population starting in 1941Germany
86%
Alphabet used in BelarusCyrillic
78%
Currency used in BelarusRuble
77%
Belarus has been labeled by the media as "Europe's last ...."Dictatorship
74%
Most important export, accounts for 20% of the exportsOil
63%
Group of people who conquered eastern parts of Belarus in the 12th centuryMongols
59%
Current president, since 1994Alexander Lukashenko
55%
Most popular sport (besides football)Ice Hockey
49%
Although most of Belarus's members of the parliament are independent,
the majority of the ones who belong to a political party, belong to this one
Communist Party
41%
Longest riverDnieper
37%
Second most populated cityGomel
28%
National animalEuropean Bison
17%
Female tennis player who won the Australian Open two-timesVictoria Azarenka
15%
Hard science fiction writerIsaac Asimov
14%
Gymnast who won four Olympic gold medalsOlga Korbut
7%
Belarusian-born physicist who won the 2000 Nobel Prize in PhysicsZhores Alferov
5%

Score Distribution

Percentile by Number Answered

Percent of People with Each Score

Your Score History

You have not taken this quiz